| 000 | 00526nam a2200145Ia 4500 | ||
|---|---|---|---|
| 008 | 220216s9999 xx 000 0 und d | ||
| 100 | _aGeorge S. | ||
| 245 | 0 | _aMitigating drought in rubber plantations through run off management technique | |
| 260 |
_bProceedings of the National Workshop on Drought Management in Plantation Crops, 22-23 March 2005, Kerala Agricultural University, Thrissur, India. _c2005 |
||
| 650 | _aDrought | ||
| 650 | _aRubber plantation | ||
| 700 | _aJoseph P. | ||
| 700 | _aPhilip A. | ||
| 942 | _cBS | ||
| 999 |
_c52454 _d52454 |
||